Text book of mathematics. I PUC (Record no. 99050)

MARC details
000 -LEADER
fixed length control field 00531nam a2200205Ia 4500
003 - CONTROL NUMBER IDENTIFIER
control field OSt
005 - DATE AND TIME OF LATEST TRANSACTION
control field 20260525142250.0
008 - FIXED-LENGTH DATA ELEMENTS--GENERAL INFORMATION
fixed length control field 210210b1995 xxu||||| |||| 00| 0 eng d
040 ## - CATALOGING SOURCE
Transcribing agency AL
041 ## - LANGUAGE CODE
Language code of text/sound track or separate title English
082 ## - DEWEY DECIMAL CLASSIFICATION NUMBER
Classification number 510 RANT
100 ## - MAIN ENTRY--PERSONAL NAME
Personal name RANGANATH (G K).
9 (RLIN) 264495
245 ## - TITLE STATEMENT
Title Text book of mathematics. I PUC
260 ## - PUBLICATION, DISTRIBUTION, ETC.
Place of publication, distribution, etc. Delhi
Name of publisher, distributor, etc. Himalaya Publishing House
Date of publication, distribution, etc. 1995
300 ## - PHYSICAL DESCRIPTION
Extent 550
650 ## - SUBJECT ADDED ENTRY--TOPICAL TERM
Topical term or geographic name entry element Himalaya I PUC mathematicsMathsMathematic
9 (RLIN) 264496
690 ## - LOCAL SUBJECT ADDED ENTRY--TOPICAL TERM (OCLC, RLIN)
Topical term or geographic name as entry element Mathematic
9 (RLIN) 264497
906 ## - LOCAL DATA ELEMENT F, LDF (RLIN)
a 05068
942 ## - ADDED ENTRY ELEMENTS (KOHA)
Source of classification or shelving scheme Dewey Decimal Classification
Koha item type Book
Holdings
Withdrawn status Lost status Damaged status Not for loan Collection code Home library Current library Shelving location Date acquired Cost, normal purchase price Total Checkouts Full call number Barcode Date last seen Price effective from Koha item type
Discarded         St Aloysius Library St Aloysius Library   02/17/2021 98.00   510 RANT 050680 02/17/2021 02/17/2021 Book
Discarded         St Aloysius Library St Aloysius Library   02/17/2021 98.00   510 RANT 050682 02/17/2021 02/17/2021 Book
Discarded         St Aloysius Library St Aloysius Library   02/17/2021 98.00   510 RANT 050681 02/17/2021 02/17/2021 Book
Discarded         St Aloysius Library St Aloysius Library   02/17/2021 98.00   510 RANT 050679 02/17/2021 02/17/2021 Book
Discarded     Reference Book   St Aloysius Library St Aloysius Library   02/17/2021 98.00   510 RANT 050649 02/17/2021 02/17/2021 Book